00225nam a2200073Ia 4500082000800000245002200008100008000030008004100110 aPIE 0aVerswygde vonnis  a PIENAAR, T.C. (Talitha Catherina) Pretoria, 1987 Grootdrukuitg 210817s9999 xx 000 0 und d